01698nam a22002417a 450000500170000001000150001702000260003203500130005803700130007108200140008410000240009824501350012226000430025727000590030030000230035950000200038250508170040260000610121965000260128065000380130665000600134465000520140420150902120248.0 aENG-113452 c295.00a9789350351406 aEN-96984 bDBAD/PUB a342.54085 aAndhyarujina, T. R. aThe Kesavananda Bharati case :cby T.R. Andhyarujinabthe untold story of struggle for surpremacy by Supreme Court and parliment / aDelhi bUniversal Law Publishingc2012 aA-58, G.T. Karnal Road Industrial Area,bDelhie110033 axi,152p.c23cm(Hb) aIncludes index  a The political overtones of the Kesavananda case -- |t Tensions and conflicts in the case -- |t Justice beg’s [sic] illness and hospitalization -- |t Was there a ratio in Kesavananda case that "Parliament has no power to amend the basic structure of the Constitution"? -- |t Did Justice Chandrachud change his judgment? -- |t Were fundamental rights held to be a part of the basic structure in the Kesavananda case? -- |t The immediate response of government to the Kesavananda judgments -- |t How the Kesavananda case survived an attempt to reverse it by the court -- |t Parliament/governments [sic] attempt to overcome the Kesavananda "majority view" -- |t Did the Supreme Court or Parliament prevail in the struggle for supremacy? -- |t Basic structure later distilled by the Supreme Court -- |g Conclusion. a Kēśavānandabhāratī,xTrials, litigation, etc. a Civil rightszIndia. aConstitutional amendmentszIndia. aLegislative bodies zIndia xPrivileges and immunities. a Political questions and judicial powerzIndia.